01666cam a2200373 i 450000100090000000300050000900500170001400800410003101000170007202000290008902000260011802000270014402500190017103500240019003500210021403700530023504000320028804200210032004300120034105000250035308200220037824501560040026400740055630000630063033700060069350502440069961000480094365000350099170000440102690600450107094200270111599900190114295201310116118943755NUST20221027155252.0151224s2015 ii a 000 0 eng d a 2015357462 a9789351776895 (hardback) a9351776891 (hardback) z9789351776901 (E-ISBN) aI-E-2015357462 a(OCoLC)ocn933430784 a(OCoLC)933430784 bLibrary of Congress -- New Delhi Overseas Office aDKAGEbengerdacDKAGEdDLC alccopycatalcode aa-ii---00aQB498.2.I4bF76 201504a500.50954,FRO22300aFrom fishing hamlet to red planet :bIndia's space journey /cchief editor, P.V. Manoranjan Rao ; associate editors, B.N. Suresh, V.P. Balagangadharan. 1aNoida, Uttar Pradesh, India :bHarperCollins Publishers India,c2015. axlv, 689 pages :billustrations (black and white) ;c25 cm bn aPart-1: The Beginnings (Page-3), Part-2: Rockets (Page-69), Part-3: Satellites (Page-257), Part-4: On the Ground (Page-365), Part-5: Applications (Page-417), Part-6: ISRO and Industry (Page-503), Part-7: International Relations (Page-525).20aIndian Space Research Organisation.9101560 0aSpace scienceszIndia.91015611 aManoranjan Rao, P. V.,eeditor.9101562 a7bcbcccopycatd3encipf20gy-gencatlg 2ddccBKk500.50954,FRO c592064d592064 00102ddc4070aMCSbMCScGENd2022-10-27o500.50954,FROpMCS37558r2022-10-27w2022-10-27yBKzAlmirah No. A/135, Shelf No.2